Statistics for States in 1900 with the Highest % Foreign-Born

Click here to take the quiz!

General Stats

  • This quiz has been taken 45 times
  • The average score is 10 of 14

Answers on the Map

Answers color-coded by a green-red scale on the quiz's map according to % correct below.
 

Answer Stats

HintAnswer% Correct
26New York
100%
25California
97%
30Massachusetts
86%
23Michigan
86%
23New Jersey
86%
26Connecticut
84%
31Rhode Island
76%
29Minnesota
70%
25Wisconsin
65%
26Nevada
62%
36North Dakota
54%
25Arizona
51%
23South Dakota
49%
28Montana
38%

Score Distribution

Percentile by Number Answered

Percent of People with Each Score

Your Score History

You have not taken this quiz